Sales management : (Record no. 10739)

000 -LEADER
fixed length control field 00480nam a22001697a 4500
008 - FIXED-LENGTH DATA ELEMENTS--GENERAL INFORMATION
fixed length control field 170830b xxu||||| |||| 00| 0 eng d
020 ## - INTERNATIONAL STANDARD BOOK NUMBER
International Standard Book Number 9788126526383(pbk.)
082 ## - DEWEY DECIMAL CLASSIFICATION NUMBER
Edition number 23
Classification number 658.81
Item number CRO
100 ## - MAIN ENTRY--PERSONAL NAME
Personal name Cron, William L.
245 ## - TITLE STATEMENT
Title Sales management :
Remainder of title concepts and cases
250 ## - EDITION STATEMENT
Edition statement 1st ed.
260 ## - PUBLICATION, DISTRIBUTION, ETC. (IMPRINT)
Place of publication, distribution, etc. New Delhi
Name of publisher, distributor, etc. John wiley And Sons, Inc.
Date of publication, distribution, etc. 2010
300 ## - PHYSICAL DESCRIPTION
Extent xix,345p.;
Dimensions 23cm.
650 ## - SUBJECT ADDED ENTRY--TOPICAL TERM
Source of heading or term Management
Topical term or geographic name as entry element Management
700 ## - ADDED ENTRY--PERSONAL NAME
Personal name Decarlo, Thomas E.
942 ## - ADDED ENTRY ELEMENTS (KOHA)
Source of classification or shelving scheme
Koha item type Books
Holdings
Withdrawn status Lost status Source of classification or shelving scheme Materials specified (bound volume or other part) Damaged status Not for loan Collection code Permanent location Current location Shelving location Date acquired Coded location qualifier Full call number Barcode Date last seen Uniform Resource Identifier Price effective from Koha item type
      PB     Management section Maulana Azad Central Library Maulana Azad Central Library General Stacks 2017-08-30 MGT 658.81 CRO 9434 2017-08-30 http://www.wileyindia.com 2017-08-30 Books
      PB     Management section Maulana Azad Central Library Maulana Azad Central Library General Stacks 2017-08-30 MGT 658.81 CRO 9435 2017-08-30 http://www.wileyindia.com 2017-08-30 Books
      PB     Management section Maulana Azad Central Library Maulana Azad Central Library General Stacks 2020-11-16 MGT 658.81 CRO 17652 2020-11-16 http://www.wileyindia.com 2020-11-16 Books

Copyright @ USTM
Techno City, Kiling Road, Baridua, 9th Mile,
Ri-Bhoi, Meghalaya-793101

Powered by Koha